000 00824nam a2200205 i 4500
001 7768
003 ES-MaACL
005 20230906145316.0
007 t|
008 910502s1990 sp ||||1| spa d
020 _a84-7483-642-5
080 _a7.025.4(46)
245 0 0 _aMonumentos y proyecto
_b: Jornadas sobre criterios de intervencion en el patrimonio arquitectonico : [celebradas en Madrid del 19 al 23 de octubre de 1987].
260 _aMadrid :
_bInstituto de Conservacion y Restauracion de Bienes Culturales,
_c1990.
300 _a407 p. :
_bil. ;
_c32 cm.
500 _aBibliogr.: p. 401-407.
650 0 0 _aMonumentos-
_xRestauración-
_vCongresos y asambleas.
_915184
710 2 _aInstituto de Conservación y Restauración de Bienes Culturales (España)
_94845
852 _aES-MaACL
_jC-10860
_bR.118603
_z. - tela
999 _c7768
_d7768